Córdoba CF Squad 2014-2015 - Statistics

General Stats
  • This quiz has been taken 24 times
  • The average score is 16 of 35
Answer Stats
# Position Nation Player % Correct
10 FW Argentina Fede Cartabia
94%
1 GK Spain Juan Carlos
94%
14 FW Algeria Nabil Ghilas
94%
28 FW Romania Florin Andone
88%
24 FW Cape Verde Bebé
81%
16 FW Spain Fidel
69%
12 DF Spain Iñigo López
69%
3 DF Spain José Ángel Crespo
69%
- Coach Spain Albert Ferrer
63%
5 MF Cameroon Patrick Ekeng
63%
2 DF Serbia Aleksandar Pantić
56%
13 GK Spain Mikel Saizar
56%
21 MF Slovenia Rene Krhin
56%
9 FW Spain Xisco
56%
24 FW Japan Mike Havenaar
50%
29 DF Spain Dani Pinillos
44%
7 MF Italy Fausto Rossi
44%
- Coach Serbia Miroslav Đukić
44%
22 MF Spain Aritz López Garai
38%
20 MF Argentina Bruno Zuculini
38%
15 DF Spain Deivid
38%
11 DF Brazil Edimar
38%
35 MF Spain Fede Vico
38%
19 FW Spain José María López Silva
31%
20 FW Brazil Ryder Matos
31%
23 MF Spain Abel Gómez
25%
18 MF Spain Borja García
25%
9 FW Cape Verde Héldon
25%
4 DF Spain Iago Bouzón
25%
6 MF Spain Luso
25%
17 DF Uruguay Adrián Gunino
19%
- Coach Spain José Antonio Romero
19%
33 DF Spain Edu Campabadal
13%
11 MF Spain José Carlos
13%
21 MF Spain Carlos Caballero
6%
No matching quizzes found
Score Distribution
Percent of People with Each Score
Percentile by Number Answered
Your Score History
You have not taken this quiz